Property is recovering but will be tested in 2010 (Record no. 82092)

MARC details
000 -LEADER
fixed length control field 00796cam a22001935a 4500
001 - CONTROL NUMBER
control field L149246
008 - FIXED-LENGTH DATA ELEMENTS--GENERAL INFORMATION
fixed length control field 100210e20100108xxk 000 0 eng d
035 ## - SYSTEM CONTROL NUMBER
System control number (Sirsi) u149246
041 0# - LANGUAGE CODE
Language code of text/sound track or separate title eng
100 1# - MAIN ENTRY--PERSONAL NAME
Personal name Barrie, Giles
245 00 - TITLE STATEMENT
Title Property is recovering but will be tested in 2010
260 ## - PUBLICATION, DISTRIBUTION, ETC.
Date of publication, distribution, etc. 2010
490 #0 - SERIES STATEMENT
Series statement Property Week
Volume/sequential designation 76(1) 8 January 2010, 21(1)
520 ## - SUMMARY, ETC.
Summary, etc. Property Week's editor offers his 10 predictions for the property market in 2010. He looks favourably on industrial property and expects returns of 6-8% across the board. A double-dip recession is unlikely and property does not fall back when recovery has started.
590 ## - LOCAL NOTE (RLIN)
Local note KA
651 #4 - SUBJECT ADDED ENTRY--GEOGRAPHIC NAME
Geographic name United Kingdom
Chronological subdivision
690 ## - LOCAL SUBJECT ADDED ENTRY--TOPICAL TERM (OCLC, RLIN)
Topical term or geographic name as entry element PROPERTY-COMMERCIAL PROPERTY-COMMERCIAL PROPERTY FINANCE AND INVESTMENT
942 ## - ADDED ENTRY ELEMENTS (KOHA)
Suppress in OPAC 0
Holdings
Withdrawn status Lost status Source of classification or shelving scheme Damaged status Not for loan Home library Current library Shelving location Date acquired Total Checkouts Full call number Barcode Date last seen Copy number Price effective from Koha item type
    Dewey Decimal Classification     London London Journal article 10/02/2010   L149246 149246-1001 06/08/2019 1 06/08/2019 Journal article